000
00397nam a2200145Ia 4500
008
100122s9999 xx 000 0 und d
082
_b
16289
_a
823
100
_a
पारगावकर राजा
245
_a
अजगर
260
_b
भारतीय प्रकाशन मंदिर
_c
1970
300
_a
83
630
_a
अजगर
730
_a
अजगर
942
_c
BOOK
999
_c
406244
_d
406241